000 00680nam a2200217Ii 4500
003 JO-AjNU
008 230606s9999||||xx |||||||||||||| ||und||
020 _a978-0-521-53387-4
040 _aJO-AjNU
_beng
_erda
_cJO-AjNU
041 _aeng
050 1 4 _aPE1128 2007
100 3 _aتأليف Lynch, Tony,
_eauthor
_92242
245 0 0 _aListing:A Course in listing to lectuers and note-taking
250 _a2 ed
264 3 1 _aNew York:Cambridge University Press,2007
300 _a214p
336 _atext
_btxt
_2rdacontent
337 _aunmediated
_bn
_2rdamedia
338 _avolume
_bnc
_2rdacarrier
650 4 _aListing-A Course in listing to lectuers and note-taking
_92243
999 _aE1174
_c1174
_d1174